Estatísticas para Condados da Inglaterra

Clique aqui para jogar o quiz

Estatísticas Gerais

  • Esse quiz foi jogado 1 163 vezes
  • A pontuação média é 11 de 48

Respostas no mapa

Respostas codificadas por cores de uma escala verde-vermelha no mapa do quiz de acordo com a % correta abaixo.
 

Estatísticas das Respostas

Condado% Correto
Grande {Londres}
85%
Cidade de {Londres}
84%
Grande {Manchester}
65%
{North} {York}shire
65%
{Hamp}shire
39%
{Cambridge}shire
31%
{Oxford}shire
31%
{Leicester}shire
28%
Cornualha
26%
Essex
25%
{Nottingham}shire
23%
Cidade de {Bristol}
22%
{Lanca}shire
22%
Devon
21%
{Ches}hire
20%
{Derby}shire
19%
Kent
19%
Norfolk
19%
{South} {York}shire
19%
{Berk}shire
18%
{Buckingham}shire
18%
{Gloucester}shire
18%
{Lincoln}shire
18%
{Bedford}shire
17%
Cúmbria
17%
{Worcester}shire
17%
Dorset
16%
Durham
16%
Ilha de {Wight}
16%
Merseyside
16%
East Sussex
15%
{Hereford}shire
15%
{Hertford}shire
15%
Suffolk
15%
{East} {Riding} of
{York}shire
14%
{Northampton}shire
14%
Northumberland
14%
{Tyne} and {Wear}
14%
{West} {York}shire
14%
{Midlands} Ocidentais
13%
Somerset
13%
Surrey
13%
Rutland
12%
{Shrop}shire
12%
{Stafford}shire
12%
West Sussex
12%
{Wilt}shire
12%
{Warwick}shire
11%

Distribuição das Pontuações

Percentil de Números Respondidos

Porcentagem de Pessoas com Cada Pontuação

Sua Pontuação Histórica

Você não jogou esse quiz